书目信息 |
| 题名: |
铺地施工速查手册
|
|
| 作者: | 布考斯基 , 常好诵 , 张美琦 著 | |
| 分册: | ||
| 出版信息: | 北京 中国建筑工业出版社 2007 |
|
| 页数: | 253页 | |
| 开本: | 21cm | |
| 丛书名: | Instant answers系列手册 | |
| 单 册: | ||
| 中图分类: | TU767-62 | |
| 科图分类: | ||
| 主题词: | 地面工程--工程施工--手册 , 地面工程 | |
| 电子资源: | ||
| ISBN: | 978-7-112-08726-6 | |
| 000 | 01153oam2-2200289 450- | |
| 001 | 0100005599 | |
| 005 | 20240326125938.34 | |
| 010 | @a978-7-112-08726-6@dCNY30.00 | |
| 100 | @a20070327d2007 em y0chiy50 ea | |
| 101 | 1 | @achi@ceng |
| 102 | @aCN@b110000 | |
| 105 | @aa z 000yy | |
| 200 | 1 | @a铺地施工速查手册@9pu di shi gong su cha shou ce@b专著@f(美)史蒂文·布考斯基著@F( mei ) shi di wen bu kao si ji zhu@g常好诵,张美琦译@Gchang hao song zhang mei qi yi |
| 210 | @a北京@c中国建筑工业出版社@d2007 | |
| 215 | @a253页@c图@d21cm | |
| 225 | 2 | @aInstant answers系列手册 |
| 306 | @a与美国麦格劳-希尔教育(亚洲)出版集团合作出版 | |
| 330 | @a本书主要介绍地板的铺设,包括各种各样的地板:从硬木到大理石,从地毯到弹性乙烯地板和其他一些想不到的产品,以及如何铺设地板、使用什么工具以及铺设地板过程中所必需的小窍门等知识。 | |
| 606 | 0 | @a地面工程@x工程施工@j手册 |
| 606 | 0 | @a地面工程 |
| 690 | @aTU767-62@v4 | |
| 701 | 0 | @c(美)@a布考斯基@9bu kao si ji@4著 |
| 701 | 0 | @a常好诵@9chang hao song@c(建筑)@4译 |
| 701 | 0 | @a张美琦@9zhang mei qi@4译 |
| 801 | @aCN@b河南城建学院图书馆 | |
| 901 | @a000010 | |
| 905 | @eS570@dTU767-62@b681576-8@f3 | |
| 铺地施工速查手册/(美)史蒂文·布考斯基著/常好诵,张美琦译.-北京:中国建筑工业出版社,2007 |
| 253页:图;21cm.-(Instant answers系列手册) |
| ISBN 978-7-112-08726-6:CNY30.00 |
| 本书主要介绍地板的铺设,包括各种各样的地板:从硬木到大理石,从地毯到弹性乙烯地板和其他一些想不到的产品,以及如何铺设地板、使用什么工具以及铺设地板过程中所必需的小窍门等知识。 |
| ● |
| 相关链接 |
|
|
|
正题名:铺地施工速查手册
索取号:TU767-62/S570
 
预约/预借
| 序号 | 登录号 | 条形码 | 馆藏地/架位号 | 状态 | 备注 |
| 1 | 1231935 | 212319356 | 建筑库201/201建筑库 47排6列1层/ [索取号:TU767-62/S570] | 在馆 | |
| 2 | 1231936 | 212319365 | 建筑库201/201建筑库 47排6列1层/ [索取号:TU767-62/S570] | 在馆 | |
| 3 | 1231937 | 212319374 | 建筑库201/201建筑库 47排6列1层/ [索取号:TU767-62/S570] | 在馆 | |
| 4 | 1231938 | 212319383 | 建筑库201/201建筑库 47排6列1层/ [索取号:TU767-62/S570] | 在馆 | |
| 5 | 1231939 | 212319392 | 建筑库201/201建筑库 47排6列1层/ [索取号:TU767-62/S570] | 在馆 | |
| 6 | 1549126 | 215491260 | 建筑库201/201建筑库 47排6列1层/ [索取号:TU767-62/S570] | 在馆 | |
| 7 | 1549127 | 215491279 | 建筑库201/201建筑库 47排6列1层/ [索取号:TU767-62/S570] | 在馆 | |
| 8 | 1549128 | 215491288 | 建筑库201/201建筑库 47排6列1层/ [索取号:TU767-62/S570] | 在馆 | |
| 9 | 1549129 | 215491297 | 建筑库201/201建筑库 47排6列1层/ [索取号:TU767-62/S570] | 在馆 | |
| 10 | 1549130 | 215491304 | 建筑库201/201建筑库 47排6列1层/ [索取号:TU767-62/S570] | 在馆 | |
| 11 | 681576 | 206815767 | 建筑库201/201建筑库 47排6列1层/ [索取号:TU767-62/S570] | 在馆 | |
| 12 | 681577 | 206815776 | 建筑库201/201建筑库 47排6列1层/ [索取号:TU767-62/S570] | 在馆 | |
| 13 | 681578 | 206815785 | 建筑库201/201建筑库 47排6列1层/ [索取号:TU767-62/S570] | 在馆 |